| 000 | 01001nam a22002297a 4500 | ||
|---|---|---|---|
| 003 | OSt | ||
| 005 | 20260123084921.0 | ||
| 008 | 230727b ||||| |||| 00| 0 eng d | ||
| 040 | _cSSBUL | ||
| 041 | _ashan | ||
| 082 | _a495.9191 | ||
| 100 |
_aငိုၼ်းယွတ်ႈ _cၶိင်း၊ မေႃလိၵ်ႈ (မိူင်းယူႉ) _928524 |
||
| 245 |
_aတႃႇၼဢယေးသထေးသၢၵ်ႈသေႇ / _cမေႃလိၵ်ႈၶိင်းငိုၼ်းယွတ်ႈ (မိူင်းယူႉ) |
||
| 260 |
_aတႃႈၵုင်ႈ _bၵတ်း _c2006 |
||
| 300 |
_a161 ၼႃႈ _c22 ၸိၼ်ႇထီႇ |
||
| 500 | _aပပ်ႉၸဝ်ႈတႃႇၼႁင်းၶေႃ တွၵ်ႉတိူဝ်ႇၸၢႆးဢွင်ႇထုၼ်းလူႇတၢၼ်းဝႆႉ။ | ||
| 500 | _aS-SAT: Dr. Prof Sai Aung Tun | ||
| 650 |
_aလင်ႇၵႃႇတႆး _924247 |
||
| 942 | _cBK1 | ||
| 942 | _2ddc | ||
| 942 | _2ddc | ||
| 999 |
_c27652 _d27652 |
||